000 00638nam a2200277Ia 4500
005 20260324113947.0
008 008 260324s9999 xx 000 0 eng d
020 _a9781041054580
037 _aEBOOK
040 _aCRL
040 _beng
040 _cCRL
041 _2eng
041 _aeng
084 _qCRL
100 _aMark Jamieson
_91148864
245 0 _aCoaching Young People for Leadership
260 _bTaylor and Francis
260 _c2023
365 _a
365 _b220
856 _uhttp://www.taylorfrancis.com/books/9781041054580
942 _cEBOOK
999 _c1738795
_d1738795